000 00592cam a2200205 4500
008 000000n2001 000 0 eng u
020 _a0792373073
035 _a(Sirsi) u112626
050 _a306.1
100 _aMeen, Geoffrey
245 _aModelling spatial housing markets : theory, analysis and policy.
260 _aBoston
_bKluwer Academic Publishers
_c2001
300 _axii,267p. ; 24cm.
350 _a84.00
490 _aKluwer Advances in Urban and Regional Economics
_v2
650 _aMATHEMATICAL MODELS
650 _aHOUSING POLICY
690 _aHOUSING
942 _n0
999 _c101451
_d101451